<?xml version="1.0" encoding="UTF-8"?>
<marc:record xmlns:marc="http://www.loc.gov/MARC21/slim">
   <marc:leader>00000nam a2200000 a 4500</marc:leader>
   <marc:datafield ind1="1" ind2=" " tag="100">
      <marc:subfield code="a">Catrina, Werner</marc:subfield>
      <marc:subfield code="4">ctb</marc:subfield>
      <marc:subfield code="e">Mitwirkende/-r</marc:subfield>
   </marc:datafield>
   <marc:datafield ind1="1" ind2=" " tag="100">
      <marc:subfield code="a">Gyger, Marcus</marc:subfield>
      <marc:subfield code="4">ctb</marc:subfield>
      <marc:subfield code="e">Mitwirkende/-r</marc:subfield>
   </marc:datafield>
   <marc:datafield ind1="1" ind2=" " tag="100">
      <marc:subfield code="a">Krebs, Peter</marc:subfield>
      <marc:subfield code="4">ctb</marc:subfield>
      <marc:subfield code="e">Mitwirkende/-r</marc:subfield>
   </marc:datafield>
   <marc:datafield ind1="1" ind2=" " tag="100">
      <marc:subfield code="a">Moser, Beat</marc:subfield>
      <marc:subfield code="4">ctb</marc:subfield>
      <marc:subfield code="e">Mitwirkende/-r</marc:subfield>
   </marc:datafield>
   <marc:datafield ind1="1" ind2=" " tag="100">
      <marc:subfield code="a">Rettner, Rainer</marc:subfield>
      <marc:subfield code="4">ctb</marc:subfield>
      <marc:subfield code="e">Mitwirkende/-r</marc:subfield>
   </marc:datafield>
   <marc:datafield ind1="1" ind2=" " tag="100">
      <marc:subfield code="a">Sonderegger, Christof</marc:subfield>
      <marc:subfield code="4">ill</marc:subfield>
      <marc:subfield code="e">Illustrator/-in</marc:subfield>
   </marc:datafield>
   <marc:datafield ind1=" " ind2=" " tag="653">
      <marc:subfield code="a">Schmalspurbahn</marc:subfield>
   </marc:datafield>
   <marc:datafield ind1="0" ind2="0" tag="245">
      <marc:subfield code="a">Jungfraujoch - Top of Europe</marc:subfield>
   </marc:datafield>
   <marc:datafield ind1="0" ind2="0" tag="245">
      <marc:subfield code="b">Erlebnis Jungfraubahn</marc:subfield>
   </marc:datafield>
   <marc:datafield ind1="0" ind2="0" tag="245">
      <marc:subfield code="c">Texte Werner Catrina ... Fotos Marcus Gyger ; Christof Sonderegger</marc:subfield>
   </marc:datafield>
   <marc:datafield ind1=" " ind2="1" tag="264">
      <marc:subfield code="a">Zürich</marc:subfield>
      <marc:subfield code="b">AS-Verl.</marc:subfield>
      <marc:subfield code="c">2011</marc:subfield>
   </marc:datafield>
   <marc:datafield ind1="1" ind2=" " tag="520">
      <marc:subfield code="a">Angaben aus der Verlagsmeldung

Jungfraujoch - Top of Europe : Erlebnis Junfraubahn - Jungfrau Railway Experience Offizielles Jubiläumsbuch,100 Jahre Jungfraubahn 1912-2012 zweisprachig deutsch/englisch / von Werner Catrina, Peter Krebs, Beat Moser, Rainer Rettner

Rund 650000 Touristen aus aller Welt fahren ja776;hrlich auf das Jungfraujoch. Die Fahrt mit der Jungfraubahn von der Kleinen Scheidegg, durch die beru776;chtigte und weltberu776;hmte Nordwand des Eigers auf das Jungfraujoch zur ho776;chstgelegenen Bahnstation Europas, ist einzigartig und geho776;rt zu den beliebtesten Bahnfahrten weltweit. Das Jungfraujoch, beim ewigen Eis des Aletschgletschers gelegen, am la776;ngsten Gletscher der Alpen, umgeben von Eiger, Mo776;nch und Jungfrau, mit Blick in die grossartigen Gipfelwelten der Berner und Walliser Alpen – das ist «Top of Europe»! Die Geschichte der Jungfraubahn mit dem visiona776;ren Pionierwerk von Adolf Guyer-Zeller ist in der Bahngeschichte einmalig. Das Buch zum 100-Jahr-Jubila776;um der Jungfraubahn zeigt den Bahnbetrieb von den Anfa776;ngen bis heute in allen Facetten. Als erstes Weltnaturerbe der Alpen wurde 2001 das Gebiet Jungfrau-Aletsch- Bietschhorn in die UNESCO-Welterbe-Liste aufgenommen. Die einzigartige Bergwelt und Landschaft rund um die Jungfraubahn nimmt einen zentralen Platz im Buch ein. Das umfangreiche, informative und scho776;n gestaltete Buch, von namhaften Au- toren geschrieben und von bekannten Fotografen bebildert, wird nachhaltig u776;ber das Jubila776;umsjahr 2012 hinaus Touristen aus aller Welt begeistern.
</marc:subfield>
   </marc:datafield>
   <marc:datafield ind1=" " ind2=" " tag="020">
      <marc:subfield code="a">9783909111909</marc:subfield>
      <marc:subfield code="9">9783909111909</marc:subfield>
   </marc:datafield>
   <marc:datafield ind1=" " ind2=" " tag="020">
      <marc:subfield code="a">3909111904</marc:subfield>
      <marc:subfield code="9">3909111904</marc:subfield>
   </marc:datafield>
   <marc:datafield ind1=" " ind2=" " tag="041">
      <marc:subfield code="a">ger</marc:subfield>
   </marc:datafield>
   <marc:datafield ind1=" " ind2=" " tag="300">
      <marc:subfield code="a">220 S.</marc:subfield>
   </marc:datafield>
</marc:record>
